[Event "SRI-chB (Women)"]
[Site "Colombo"]
[Date "2016.03.12"]
[Round "1"]
[White "Gamage, AED"]
[Black "Samarasinghe, Wayuni Vinara"]
[Result "0-1"]
[WhiteElo "1255"]
[BlackElo "1538"]
[PlyCount "92"]
[EventDate "2016.03.12"]
[EventType "swiss"]
[EventRounds "10"]
[EventCountry "SRI"]
[SourceTitle "CBM 171 Extra"]
[Source "ChessBase"]
[SourceDate "2016.04.26"]
[SourceVersion "1"]
[SourceVersionDate "2016.04.26"]
[SourceQuality "1"]

1. e4 c5 2. Nf3 g6 3. d4 cxd4 4. Nxd4 Bg7 5. Nc3 d6 6. Be3 Nf6 7. Nb3 Nbd7 8. Be2 0-0 9. 0-0 b6 10. Qd2 Bb7 11. Bf3 Ne5 12. Qe2 Qc8 13. Nd4 Re8 14. Rfd1 Nxf3+ 15. Qxf3 Ng4 16. h3 Nxe3 17. Qxe3 Ba6 18. a3 Qc4 19. Rab1 Rac8 20. Rd2 e6 21. Nde2 Qc7 22. Nd4 Qc5 23. Na4 Qc7 24. Rbd1 d5 25. exd5 exd5 26. Qc3 Qd7 27. Qb3 Bc4 28. Qb4 Bf8 29. Nxb6 axb6 30. Qc3 Bh6 31. f4 Bxf4 32. Rf2 Be3 33. b3 Bxf2+ 34. Kxf2 Be2 35. Qd2 Bxd1 36. Qxd1 Qe7 37. Qg4 Qe1+ 38. Kf3 Rc3+ 39. Kf4 Qe4+ 40. Kg5 Qe7+ 41. Kh6 Qf8+ 42. Kg5 h6+ 43. Kh4 Re4 44. Qxe4 dxe4 45. Ne2 Qe7+ 46. Kg4 Qg5# 0-1